000 00473nam a2200181Ia 4500
003 GCL
008 140319s9999 xx 000 0 eng d
040 _aGCL /
_cGCL
082 0 4 _a752
_bW A
100 1 _aWILCOX, MICHAEL
245 1 0 _aTHE ARTIST'S GUIDE TO SELECTING COLOURS. /
_cWILCOX, MICHAEL
260 _a[S.N] :
_bSCHOOL OF COLOUR PUBLISHING ،
_c1997
300 _a120 P
650 0 4 _aARTS
650 0 4 _aPAINTING
650 0 4 _aCOLOUR IN ARTS
942 _2ddc
_cBK
999 _c15663
_d15663